Statistiche per Elenca la formazione - Finale UEFA Europa League 2017-2018

Clicka qui per fare il quiz!

Statistiche generali

  • Questo quiz è stato fatto 2 volte
  • Il punteggio medio è 13 su 22

Statistiche sulle risposte

RuoloNazioneCalciatore% Corretto
AttaccanteFranciaAntoine Griezmann
100%
AttaccanteSpagnaDiego Costa
100%
DifensoreUruguayDiego Godín
100%
TrequartistaFranciaDimitri Payet
100%
PortiereSloveniaJan Oblak
100%
DifensoreUruguayJosé Giménez
100%
PortiereFranciaSteve Mandanda
100%
CentrocampistaCamerunAndré Zambo Anguissa
50%
CentrocampistaArgentinaÁngel Correa
50%
AlaFranciaFlorian Thauvin
50%
CentrocampistaSpagnaGabi
50%
DifensoreFranciaJordan Amavi
50%
CentrocampistaSpagnaKoke
50%
DifensoreFranciaLucas Hernández
50%
AlaArgentinaLucas Ocampos
50%
CentrocampistaFranciaMorgan Sanson
50%
CentrocampistaSpagnaSaúl
50%
DifensoreCroaziaŠime Vrsaljko
50%
AttaccanteFranciaValère Germain
50%
DifensoreFranciaAdil Rami
0%
DifensoreFranciaBouna Sarr
0%
DifensoreBrasileLuiz Gustavo
0%

Distribuzione punteggi

Percentile per numero di risposta

Percentuale di utenti per punteggio

I tuoi punteggi nel tempo

Non hai fatto questo quiz